000
00230 a2200097 4500
001
23252
100
_a
Theil, H
245
_a
Optional decision rules for government
260
_a
_b
North Holland Pubs
_c
1968
090
_c
15760
_d
15760
942
_a
NUST-CAE
_c
M
_c
6403
999
_c
258325
_d
258325